Wiedza ogólna dla głupich - Statystyki

Ogólne statystyki
  • Ten quiz został rozwiązany 5 871 razy
    5 836 od ostatniego zresetowania
  • Średni wynik to 18 z 20
Statystyki odpowiedzi
Wskazówka Odpowiedź % Poprawnych
Kto napisał Pana Tadeusza? Adam Mickiewicz
97%
Ilu trzeba do tanga? Dwojga
97%
Nazwij jeden z trzech krajów położonych na wyspie Wielka Brytania. Anglia | Szkocja | Walia
96%
Jak nazywa się brat Lolka? Bolek
96%
Jak po angielsku powiedzieć cześć? Hello | Hi
95%
Co jest stolicą Francji? Paryż
95%
W którym państwie żyje większość kangurów? Australia
94%
Jaka wojna zakończyła się w 1945 r? II wojna światowa
94%
Jaki jest główny składnik omletu? Jajka
94%
Która planeta leży najbliżej Słońca? Merkury
94%
Buenos Aires to stolica jakiego państwa? Argentyny
92%
Jak zwracamy się do królów, cesarzy i innych monarchów? Wasza {Wysokość}
92%
Która postać z kreskówki jest maskotką Disneya? Myszka Miki
91%
Jak nazywa się stworzenie będące pół-kobietą i pół-rybą? Syrena
91%
Kto używa stetoskopu? Lekarz lub pielęgniarka
86%
Nazwij jeden z siedmiu grzechów głównych. Pycha | Chciwość | Nieczystość | Zazdrość | Łakomstwo | Gniew | Lenistwo
85%
Nieżyt nosa to termin medyczny na jaki objaw chorobowy? Katar
83%
Co może posiadać trzon i kapelusz? Grzyby
82%
Uzupełnij luki: Jola _____, Jola nie_____. Lojalna
80%
Co jest przeciwieństwem słowa topnieć? Zamarzać | Krzepnąć
75%
Nie znaleziono quizów pasujących do podanych kryteriów
Rozkład punktacji
Procent ludzi z każdym wynikiem
Percentyl według liczby udzielonych odpowiedzi
Twoja historia wyników
Nie rozwiązałeś tego quizu od ostatniego zresetowania